Normal view
MARC view
- Grobner Bases
Entry Topical Term
001 - CONTROL NUMBER
- control field: 95751
003 - CONTROL NUMBER IDENTIFIER
- control field: NUST
005 - DATE AND TIME OF LATEST TRANSACTION
- control field: 20220729105050.0
008 - FIXED-LENGTH DATA ELEMENTS
- fixed length control field: 220729|| aca||aabn | a|a d
040 ## - CATALOGING SOURCE
- Original cataloging agency: NUST
- Transcribing agency: NUST
150 ## - HEADING--TOPICAL TERM
- Topical term or geographic name entry element: Grobner Bases
670 ## - SOURCE DATA FOUND
- Source citation: Work cat.: (NUST)188706: Froberg, Ralf. 95750, An Introduction to Grobner Bases /, c1997.
